000 00338nam a2200121Ia 4500
005 20251222154344.0
008 251222s9999||||xx |||||||||||||| ||spa||
020 _a958-9441-57-2
082 _a333.714/S24
100 _a"Sánchez Sánchez, Fernando"
245 0 _aEvaluación económica ambiental de la agricultura orgánica
942 _cLIB
999 _c34626
_d34626